PUEBLA PATRIMONIO DE LA HUMANIDAD (Registro nro. 48685)
[ vista simple ]
| 000 -LEADER | |
|---|---|
| fixed length control field | 01041nam a2200205 a 4500 |
| 001 - CONTROL NUMBER | |
| control field | 48685 |
| 005 - DATE AND TIME OF LATEST TRANSACTION | |
| control field | 20180714033100.0 |
| 008 - FIXED-LENGTH DATA ELEMENTS--GENERAL INFORMATION | |
| fixed length control field | 140415s1988 mx 000 0 spa d |
| 020 ## - INTERNATIONAL STANDARD BOOK NUMBER | |
| International Standard Book Number | 9685482004 |
| 041 ## - LANGUAGE CODE | |
| Language code of text/sound track or separate title | spa |
| 082 ## - DEWEY DECIMAL CLASSIFICATION NUMBER | |
| Classification number | 972.48 |
| Item number | PUE |
| 245 00 - TITLE STATEMENT | |
| Title | PUEBLA PATRIMONIO DE LA HUMANIDAD |
| 250 ## - EDITION STATEMENT | |
| Edition statement | 1a ed. |
| 260 ## - PUBLICATION, DISTRIBUTION, ETC. | |
| Place of publication, distribution, etc. | MEXICO : |
| Name of publisher, distributor, etc. | STUDIO BEATRICE TRUEBLOOD, |
| Date of publication, distribution, etc. | 1988 |
| 300 ## - PHYSICAL DESCRIPTION | |
| Extent | 771 |
| Dimensions | 26.27 x 1.99 x 31.7 |
| 490 ## - SERIES STATEMENT | |
| Series statement | PUEBLA |
| 500 ## - GENERAL NOTE | |
| General note | COLECCIÓN PUEBLA |
| 520 ## - SUMMARY, ETC. | |
| Summary, etc. | EN 1954, WILLIAM OSCAR JENKINS CREA FORMALMENTE LA FUNDACIÓN MARY STREET JENKINS A LA QUE HEREDARÍA LA TOTALIDAD DE SU FORTUNA AL FALLECER EN 1936. SU PROPÓSITO FU ÚNICO: HACER EL BIEN, MEJORAR LA CALIDAD DE VIDA Y PROMOVER LA ELEVACIÓN MORAL Y ESPIRITUAL DE LOS HABITANTES DE SU PAÍS ADOPTIVO. EL PRESENTE LIBRO CONMEMORA NO SÓLO LOS 25 AÑOS DE LA MUERTE DE DON GUILLERMO, SINO QUE ATESTIGUA LA LABOR DE UNA NOTABLE ORGANIZACIÓN DE BENEFICENCIA, QUE HA PRESTADO AYUDA A LAS ÁREAS QUE MÁS L |
| 650 14 - SUBJECT ADDED ENTRY--TOPICAL TERM | |
| Topical term or geographic name entry element | PUEBLA (CIUDAD) |
| General subdivision | HISTORIA |
| Withdrawn status | Lost status | Source of classification or shelving scheme | Damaged status | Not for loan | Collection code | Home library | Current library | Shelving location | Date acquired | Source of acquisition | Inventory number | Total Checkouts | Full call number | Barcode | Date last seen | Price effective from | Koha item type |
|---|---|---|---|---|---|---|---|---|---|---|---|---|---|---|---|---|---|
| Dewey Decimal Classification | Consulta en sala | Puebla | Biblioteca Karol Wojtyla | Biblioteca Karol Wojtyla | Área de silencio | 03/12/2013 | Compra | 151000000000000000073482 | 972.48 PUE | 72717 | 05/01/2026 | 03/12/2013 | Libro |